Historiske personer fra antikken - Statistics

General Stats
  • This quiz has been taken 178 times
  • The average score is 9 of 12
Answer Stats
Picture Hint Answer % Correct
Eleven til den forrige, medgrunnlegger av vestlig filosofi Aristoteles
100%
Eleven til den forrige, medgrunnlegger av vestlig filosofi Platon
100%
Den vestlige filosofiens grunnlegger Sokrates
100%
Stor gresk konge som erobret Perserriket (inkl. Egypt og Midtøsten) Alexander den store
92%
Grunnla det romerske keiserriket Augustus
88%
Skrev de greske eposene "Iliaden" og "Odysseen" Homer
85%
Romersk general som ble diktator, så myrdet Julius Caesar
77%
Gresk dronning av Egypt Kleopatra
77%
Den første kristne romerske keiseren Konstantin
77%
Den første naturfilosofen Thales
58%
Den mest kjente romerske filosofen (var også konsul et år) Cicero
46%
Naturfilosof kjent for atomisme Demokrit
46%
No matching quizzes found
Score Distribution
Percent of People with Each Score
Percentile by Number Answered
Your Score History
You have not taken this quiz